Normal view
MARC view
- LAW,SEONG SUI
Entry Personal Name
001 - CONTROL NUMBER
- control field: 89644
003 - CONTROL NUMBER IDENTIFIER
- control field: NUST
005 - DATE AND TIME OF LATEST TRANSACTION
- control field: 20220225123247.0
008 - FIXED-LENGTH DATA ELEMENTS
- fixed length control field: 220225|| aca||aabn | a|a d
040 ## - CATALOGING SOURCE
- Original cataloging agency: NUST
- Transcribing agency: NUST
100 ## - HEADING--PERSONAL NAME
- Personal name: LAW,SEONG SUI
670 ## - SOURCE DATA FOUND
- Source citation: Work cat.: (NUST): LAW,SEONG SUI., DAMAGE MODELS AND ALGORITHMS /, 2009.
